000 00636nam a2200217Ia 4500
001 13936
003 GE_BSU
008 181216s||||||||xx |||||||||||||| ||und||
040 _cGE_BSU
245 _aГенетика.Том 50, №11.Ноябрь. 2014
245 _bЕжемесячный журнал.
245 _cгл. ред. С.В.Шестаков,и др.
260 _aМосква
260 _bНаука
260 _c2014
300 _a1273-1400стр.29см.
653 _aГенетика.Том 50, №11.Ноябрь. 2014
653 _aПериодика
653 _aპერიოდიკა
942 _cCR
999 _c47079
_d47079